000 00699nam a2200241Ia 4500
001 Para_8230
003 CHAP
008 220125s1889 xx 000 0 und d
010 _a207142
040 _cCHAP
082 _aPA-C 595.752 A6
100 _aGarman, H.
_946905
245 _aThe graĆ­n louse (Siphonophora avenae) /
_c by H. Garman
500 _aEncuadernado con otros impresos similares
650 _a
_x Afididos
_x Colecciones de escritos
_x Cereales
_x plagas
_x Siphonaptera
_9173624
901 _aPA-C 595.752 A6
902 _aA
905 _a0000001889 0000000000 00
910 _a1889
942 _cPARA
942 _cPARA
_d1
999 _c207142
_d207142